Message in a bottle (Record no. 264129)
[ view plain ]
| 000 -LEADER | |
|---|---|
| fixed length control field | 02698ngm a2200637Ia 4500 |
| 001 - CONTROL NUMBER | |
| control field | ocm42007605 |
| 003 - CONTROL NUMBER IDENTIFIER | |
| control field | OCoLC |
| 005 - DATE AND TIME OF LATEST TRANSACTION | |
| control field | 20200320181529.0 |
| 007 - PHYSICAL DESCRIPTION FIXED FIELD--GENERAL INFORMATION | |
| fixed length control field | vd cvaizu |
| 008 - FIXED-LENGTH DATA ELEMENTS--GENERAL INFORMATION | |
| fixed length control field | 990803s1999 cau132 vleng d |
| 020 ## - INTERNATIONAL STANDARD BOOK NUMBER | |
| International Standard Book Number | 0790740818 : |
| Terms of availability | $24.98 |
| 020 ## - INTERNATIONAL STANDARD BOOK NUMBER | |
| International Standard Book Number | 9780790740812 |
| 020 ## - INTERNATIONAL STANDARD BOOK NUMBER | |
| International Standard Book Number | 141983052X |
| 020 ## - INTERNATIONAL STANDARD BOOK NUMBER | |
| International Standard Book Number | 9781419830525 |
| 020 ## - INTERNATIONAL STANDARD BOOK NUMBER | |
| Terms of availability | 12.95 |
| 024 1# - OTHER STANDARD IDENTIFIER | |
| Standard number or code | 012569806115 |
| 028 40 - PUBLISHER NUMBER | |
| Publisher number | 16989 |
| Source | Warner Home Video |
| 028 42 - PUBLISHER NUMBER | |
| Publisher number | 80611 |
| Source | Warner Home Video |
| 035 ## - SYSTEM CONTROL NUMBER | |
| System control number | (OCoLC)42007605 |
| 040 ## - CATALOGING SOURCE | |
| Original cataloging agency | JVK |
| Transcribing agency | JVK |
| Modifying agency | OCLCQ |
| -- | RCS |
| -- | ZHY |
| -- | IBI |
| -- | OCLCQ |
| -- | RCS |
| -- | BTCTA |
| -- | IBI |
| -- | WACOL |
| 041 0# - LANGUAGE CODE | |
| Language code of text/sound track or separate title | eng |
| Language code of summary or abstract/overprinted title or subtitle | eng |
| 049 ## - LOCAL HOLDINGS (OCLC) | |
| Holding library | WACL |
| 082 04 - DEWEY DECIMAL CLASSIFICATION NUMBER | |
| Classification number | 791.43/72 |
| Edition number | 22 |
| 090 ## - LOCALLY ASSIGNED LC-TYPE CALL NUMBER (OCLC); LOCAL CALL NUMBER (OCLC) | |
| Classification number (OCLC) (R) ; Classification number, CALL (RLIN) (NR) | PS3569.P363 |
| Local cutter number (OCLC) ; Book number/undivided call number, CALL (RLIN) | M47 1999 |
| 092 ## - LOCALLY ASSIGNED DEWEY CALL NUMBER (OCLC) | |
| Classification number | DVD |
| Item number | Mes |
| 245 00 - TITLE STATEMENT | |
| Title | Message in a bottle |
| Medium | [videorecording] / |
| Statement of responsibility, etc | Warner Bros. presents in association with Bel-Air Entertainment a TIG Production in association with Di Novi Pictures ; screenplay by Gerald DiPego ; produced by Denise DiNovi, Jim Wilson, Kevin Costner ; directed by Luis Mandoki. |
| 260 ## - PUBLICATION, DISTRIBUTION, ETC. (IMPRINT) | |
| Place of publication, distribution, etc | Burbank, Calif. : |
| Name of publisher, distributor, etc | Warner Home Video, |
| Date of publication, distribution, etc | c1999. |
| 300 ## - PHYSICAL DESCRIPTION | |
| Extent | 1 videodisc (132 min.) : |
| Other physical details | sd., col. ; |
| Dimensions | 4 3/4 in. |
| 538 ## - SYSTEM DETAILS NOTE | |
| System details note | DVD format. |
| 521 8# - TARGET AUDIENCE NOTE | |
| Target audience note | Rated PG-13. |
| 500 ## - GENERAL NOTE | |
| General note | "16989." |
| 511 0# - PARTICIPANT OR PERFORMER NOTE | |
| Participant or performer note | Kevin Costner, Robin Wright Penn, John Savage, Illeana Douglas, Robbie Coltrane, Paul Newman. |
| 500 ## - GENERAL NOTE | |
| General note | Based on the novel by Nicholas Sparks. |
| 508 ## - CREATION/PRODUCTION CREDITS NOTE | |
| Creation/production credits note | Music, Gabriel Yared; director of photography, Caleb Deschanel. |
| 500 ## - GENERAL NOTE | |
| General note | "Widescreen version presented in a "letterbox" widescreen format preserving the "scope" aspect ratio of its original theatrical exhibition."--Container note. |
| 546 ## - LANGUAGE NOTE | |
| Language note | Closed-captioned for the hearing impaired. |
| 520 ## - SUMMARY, ETC. | |
| Summary, etc | A reporter traces a lonely widower who wrote a heart-felt message, put it in a bottle, and threw it in the sea. |
| 650 #0 - SUBJECT ADDED ENTRY--TOPICAL TERM | |
| Topical term or geographic name as entry element | Man-woman relationships |
| Form subdivision | Drama. |
| 9 (RLIN) | 5673977 |
| 650 #0 - SUBJECT ADDED ENTRY--TOPICAL TERM | |
| Topical term or geographic name as entry element | Widowers |
| Form subdivision | Drama. |
| 9 (RLIN) | 5724924 |
| 655 #0 - INDEX TERM--GENRE/FORM | |
| Genre/form data or focus term | Feature films. |
| 9 (RLIN) | 5835947 |
| 655 #0 - INDEX TERM--GENRE/FORM | |
| Genre/form data or focus term | Video recordings for the hearing impaired. |
| 9 (RLIN) | 5835948 |
| 700 1# - ADDED ENTRY--PERSONAL NAME | |
| Personal name | Costner, Kevin. |
| 9 (RLIN) | 26001 |
| 700 1# - ADDED ENTRY--PERSONAL NAME | |
| Personal name | Wright, Robin, |
| Dates associated with a name | 1966- |
| 9 (RLIN) | 38342 |
| 700 1# - ADDED ENTRY--PERSONAL NAME | |
| Personal name | Newman, Paul, |
| Dates associated with a name | 1925- |
| 9 (RLIN) | 7449 |
| 700 1# - ADDED ENTRY--PERSONAL NAME | |
| Personal name | Sparks, Nicholas. |
| Title of a work | Message in a bottle. |
| 9 (RLIN) | 5835949 |
| 710 2# - ADDED ENTRY--CORPORATE NAME | |
| Corporate name or jurisdiction name as entry element | Warner Bros. Pictures. |
| 9 (RLIN) | 5766092 |
| 710 2# - ADDED ENTRY--CORPORATE NAME | |
| Corporate name or jurisdiction name as entry element | Bel-Air Entertainment (Firm) |
| 9 (RLIN) | 68651 |
| 710 2# - ADDED ENTRY--CORPORATE NAME | |
| Corporate name or jurisdiction name as entry element | Tig Productions. |
| 9 (RLIN) | 63065 |
| 710 2# - ADDED ENTRY--CORPORATE NAME | |
| Corporate name or jurisdiction name as entry element | Di Novi Pictures (Firm) |
| 9 (RLIN) | 72327 |
| 710 2# - ADDED ENTRY--CORPORATE NAME | |
| Corporate name or jurisdiction name as entry element | Warner Home Video (Firm) |
| 9 (RLIN) | 61103 |
| 938 ## - | |
| -- | Baker and Taylor |
| -- | BTCP |
| -- | be2005022567 |
| 942 ## - ADDED ENTRY ELEMENTS (KOHA) | |
| Koha item type | DVD |
| 948 ## - LOCAL PROCESSING INFORMATION (OCLC); SERIES PART DESIGNATOR (RLIN) | |
| Series part designator, SPT (RLIN) | 01/31/2007 |
| z (OCLC) | Sirsi |
| 994 ## - | |
| -- | 02 |
| -- | WACOL |
| 996 ## - | |
| -- | 53645 |
| -- | 34301001273103 |
| -- | DVD |
| -- | DVD |
| -- | wcl |
| -- | o |
| -- | 29 |
| -- | 25.00 |
| -- | gift |
| -- | Mes |
| -- | 05/07/2013 |
| -- | 12/23/2019 |
| -- | 03/10/2020 |
| Withdrawn status | Lost status | Source of classification or shelving scheme | Damaged status | Not for loan | Collection code | Home library | Current library | Shelving location | Date acquired | Source of acquisition | Cost, normal purchase price | Total Checkouts | Total Renewals | Full call number | Barcode | Date last seen | Date checked out | Cost, replacement price | Price effective from | Koha item type |
|---|---|---|---|---|---|---|---|---|---|---|---|---|---|---|---|---|---|---|---|---|
| Dewey Decimal Classification | Movies | Wasatch County Library | Wasatch County Library | Audio Visual Area | 05/07/2013 | Donation | 25.00 | 37 | 10 | DVD Mes | 34301001273103 | 01/31/2025 | 01/06/2025 | 25.00 | 03/20/2020 | DVD |
